00984nab a22002057a 4500999001500000003000400015005001700019008004100036040000700077100002800084245013000112300001500242505023700257505007200494650002800566650003600594700002600630773010900656942001300765 c5800d5800OSt20260106204514.0190514b xxu||||| |||| 00| 0 spa d cPJ 96708aLima, Natacha S. 13aConsideraciones sobre el doble estándar en los procesos de gestación por sustitución /cNatacha S. Lima, Lucía Ariza. ap. 131-138 aSumario: I. Introducción.— II. Moverse hacia Buenos Aires: “la meca” de la gestación por sustitución.— III. Mater semper certa est.— IV. ¿La solidaridad como respuesta a la no regulación?— V. Palabras de cierre. tSi te interesa el texto, comunicate a koha@justierradelfuego.gov.ar 09967aDERECHO DE FAMILIA 094486aGESTACION POR SUSTITUCION 96709aAriza, Lucía 0 0284493222dBuenos Aires : AbeledoPerrot, 1989-tDerecho de familia. N° 116 - Septiembre 2024z18511201 2udccANA